| 000 | 00991nac a22002777a 4500 | ||
|---|---|---|---|
| 001 | BR7316301 | ||
| 003 | BR-BrBNA | ||
| 005 | 20240105113658.0 | ||
| 008 | 230509b bl.|||m| |||| 00| 0 por d | ||
| 040 |
_aBR-BrBNA _bpor _cBiblioteca Nacional de Agricultura |
||
| 072 | _aL00 | ||
| 090 | _a5212 BR7316301 | ||
| 100 | 1 | _aPaz, A. de F. | |
| 110 | 1 | _aSecretaria de Estado dos Negocios da Agricultura, Industria e Comercio, Porto Alegre, RS (Brasil) | |
| 111 | 1 |
_a2. Conferencia Nacional de Pecuaria _cRio de Janeiro, GB (Brazil) _d21 Jul 1936 |
|
| 245 | 1 | _aA industria pastoril no Rio Grande do Sul [bovino, ovino, Brasil] | |
| 260 | 3 |
_aPorto Alegre, RS (Brasil): _c1936. |
|
| 300 | _a19 p. | ||
| 490 |
_aBoletim - Secretaria de Estado dos Negocios da Agricultura, Industria e Comercio (Brazil) _vno. 41 _x |
||
| 650 | _aBOVINO | ||
| 650 | _aOVINO | ||
| 650 | _aCRIACAO | ||
| 650 | _aRIO GRANDE DO SUL | ||
| 909 |
_a202312 _bLúcia Elande _c55 _dLúcia Elande |
||
| 942 |
_2AGRIS _n0 _cMS |
||
| 999 |
_c264942 _d264942 |
||